اطلالة تاريخية على المكتبات العامة فى المملكة مع دليل شامل لها / (رقم التسجيلة. 110172)

تفاصيل مارك
000 -LEADER
fixed length control field 01400cam a2200289 a 4500
003 - CONTROL NUMBER IDENTIFIER
control field EG-GiCUC
008 - FIXED-LENGTH DATA ELEMENTS--GENERAL INFORMATION
fixed length control field 090527s1994 su f f000 0 ara d
017 ## - COPYRIGHT OR LEGAL DEPOSIT NUMBER
Copyright or legal deposit number 15 / 0590
Assigning agency السعودية. مكتبة الملك فهد الوطنية.
020 ## - INTERNATIONAL STANDARD BOOK NUMBER
International Standard Book Number 9960000311
040 ## - CATALOGING SOURCE
Original cataloging agency EG-GiCUC
Language of cataloging ara
Transcribing agency EG-GiCUC
043 ## - GEOGRAPHIC AREA CODE
Geographic area code a-su---
092 04 - LOCALLY ASSIGNED DEWEY CALL NUMBER (OCLC)
Classification number 027.4531
Item number D813
Edition number 21
099 ## - LOCAL FREE-TEXT CALL NUMBER (OCLC)
Classification number 04
-- 027.4531 D813
100 1# - MAIN ENTRY--PERSONAL NAME
Personal name الضبيعان: سعد عبدالله.
245 10 - TITLE STATEMENT
Title اطلالة تاريخية على المكتبات العامة فى المملكة مع دليل شامل لها /
Statement of responsibility, etc. سعد بن عبدالله الضبيعان.
260 ## - PUBLICATION, DISTRIBUTION, ETC.
Place of publication, distribution, etc. الرياض :
Name of publisher, distributor, etc. مكتبة الملك فهد الوطنية:
Date of publication, distribution, etc. 1994.
300 ## - PHYSICAL DESCRIPTION
Extent 203ص. ؛
Dimensions 24 سم.
440 #2 - SERIES STATEMENT/ADDED ENTRY--TITLE
Title السلسلة الثالثة ؛
Volume/sequential designation 16.
500 ## - GENERAL NOTE
General note النسخة رقم(121229)اهداء مكتبة البابطين المركزية للشعر العربى : النسخة رقم(143973)اهداء الملحقية الثقافية
650 #7 - SUBJECT ADDED ENTRY--TOPICAL TERM
Topical term or geographic name entry element المكتبات العامة
Geographic subdivision السعودية.
Source of heading or term qrmak
902 ## - LOCAL DATA ELEMENT B, LDB (RLIN)
No. of Items 2
905 ## - LOCAL DATA ELEMENT E, LDE (RLIN)
Cataloger ابراهيم
Reviser مدخل
905 ## - LOCAL DATA ELEMENT E, LDE (RLIN)
Reviser مراجع
942 ## - ADDED ENTRY ELEMENTS (KOHA)
Source of classification or shelving scheme Dewey Decimal Classification
Koha item type Books
المقتنيات
Source of classification or shelving scheme Not for loan Home library Current library Date acquired Full call number Barcode Date last seen Copy number Koha item type
Dewey Decimal Classification   المكتبة المركزبة الجديدة - جامعة القاهرة قاعة الكتب - الدور الثاني 11.02.2024 027.4531 D813 01000100121229000 23.09.2023 C.1 Books
Dewey Decimal Classification   المكتبة المركزبة الجديدة - جامعة القاهرة قاعة الكتب - الدور الثاني 11.02.2024 027.4531 D813 01000100143973000 23.09.2023 C.2 Books
Cairo University Libraries Portal Implemented & Customized by: Eng. M. Mohamady Contacts: new-lib@cl.cu.edu.eg | cnul@cl.cu.edu.eg
CUCL logo CNUL logo
© All rights reserved — Cairo University Libraries
CUCL logo
Implemented & Customized by: Eng. M. Mohamady Contact: new-lib@cl.cu.edu.eg © All rights reserved — New Central Library
CNUL logo
Implemented & Customized by: Eng. M. Mohamady Contact: cnul@cl.cu.edu.eg © All rights reserved — Cairo National University Library